000 00496nam a22001577a 4500
005 20250128154505.0
008 250128b |||||||| |||| 00| 0 eng d
020 _a1558100903
050 _aKF3821
_b.A15A AME
245 _aLegislative and Regulatory Initiatives for the 103rd Congress
_cAmerican Nurses Association
260 _aWashington
_bAmerican Nurses Publishing
_c1993
300 _aiv. 88p.
_c28 cm x 22 cm
650 _2Law
710 _aAmerican Nurses Association
942 _2lcc
_cBK
_n0
999 _c3163
_d3163